000 00302nam a2200145Ia 4500
100 _aDangwal/Parmesh
650 _aGeneral
942 _cBK
654 _akiran bedi
245 _aI dare:Kiran Bedi a Biography
260 _bUBS
_c2003
082 _a920.72
_bDAN
300 _a362
546 _aENGLISH
999 _c26000
_d26000